|
|
|
|
| LEADER |
00000caa a22000002c 4500 |
| 001 |
182707390X |
| 003 |
DE-627 |
| 005 |
20221216155011.0 |
| 007 |
tu |
| 008 |
221215s2022 xx ||||| 00| ||ger c |
| 020 |
|
|
|a 9783402248829
|
| 035 |
|
|
|a (DE-627)182707390X
|
| 035 |
|
|
|a (DE-599)KXP182707390X
|
| 040 |
|
|
|a DE-627
|b ger
|c DE-627
|e rda
|
| 041 |
|
|
|a ger
|
| 084 |
|
|
|a 1
|2 ssgn
|
| 100 |
1 |
|
|e VerfasserIn
|0 (DE-588)1041346239
|0 (DE-627)767032519
|0 (DE-576)393049221
|4 aut
|a Schmiesing, Jürgen
|d 1984-
|
| 109 |
|
|
|a Schmiesing, Jürgen 1984-
|
| 245 |
1 |
0 |
|a „Fortiter in Fide"
|b Joannes Baptista Sproll 1870-1949 ; Bischof von Rottenburg 1927-1949
|
| 264 |
|
1 |
|c 2022
|
| 336 |
|
|
|a Text
|b txt
|2 rdacontent
|
| 337 |
|
|
|a ohne Hilfsmittel zu benutzen
|b n
|2 rdamedia
|
| 338 |
|
|
|a Band
|b nc
|2 rdacarrier
|
| 601 |
|
|
|a Bischof
|
| 773 |
0 |
8 |
|i Enthalten in
|t Zwischen Seelsorge und Politik
|b Zweite, erweiterte Auflage
|d Münster : Aschendorff Verlag, 2022
|g (2022), Seite 461-490
|h XII, 840 Seiten
|w (DE-627)1797052772
|z 9783402248829
|z 3402248824
|7 nnam
|
| 773 |
1 |
8 |
|g year:2022
|g pages:461-490
|
| 935 |
|
|
|a mteo
|
| 951 |
|
|
|a AR
|
| ELC |
|
|
|b 1
|
| LOK |
|
|
|0 000 xxxxxcx a22 zn 4500
|
| LOK |
|
|
|0 001 4231466130
|
| LOK |
|
|
|0 003 DE-627
|
| LOK |
|
|
|0 004 182707390X
|
| LOK |
|
|
|0 005 20221215034927
|
| LOK |
|
|
|0 008 221215||||||||||||||||ger|||||||
|
| LOK |
|
|
|0 035
|a (DE-Tue135)1797052772_2022_461
|
| LOK |
|
|
|0 040
|a DE-Tue135
|c DE-627
|d DE-Tue135
|
| LOK |
|
|
|0 092
|o n
|
| LOK |
|
|
|0 852
|a DE-Tue135
|
| LOK |
|
|
|0 852 1
|9 00
|
| LOK |
|
|
|0 935
|a imwa
|a ixau
|a ixrk
|
| LOK |
|
|
|0 939
|a 15-12-22
|b l01
|
| ORI |
|
|
|a SA-MARC-ixtheoa001.raw
|